000 00888cab a22001935a 4500
001 L156568
008 120611e2012 xxk 000 0 eng d
035 _a(Sirsi) u156568
041 0 _aeng
100 1 _aEade, Christine
245 0 0 _aMarkets
_bStaffordshire and Shropshire
260 _c2012
490 0 _aProperty Week
_v78(22) 1 June 2012, 53-56(4)
520 _aRound-up of commercial property sector news from Staffordshire and Shropshire: Stoke-on-Trent City Council is to relocate its HQ to Gener8 Developments' proposed new central business district scheme in Hanley; Citygrove Securities' Southwater Square cinema, hotel and restaurant development scheme in Telford is now full; and sale of Telford and Wrekin Council's offices for an Asda superstore will help fund new council offices.
590 _aKA
651 4 _aStaffordshire
651 4 _aShropshire
942 _n0
999 _c84085
_d84085